Co-creation módszerek szerepe és jelentősége a projektek megvalósulási folyamatában

Bibliográfiai részletek
Szerző: Papp Adrienn
További közreműködők: Kása Dr. Richárd
Dokumentumtípus: Projektmunka
Kulcsszavak:Group Expo
OPERA
Open Space
Online Access:http://dolgozattar.uni-bge.hu/6257

MARC

LEADER 00000nnm a2200000 i 4500
001 dolg6257
005 20160513121537.0
008 160513suuuu hu o 000 hun d
040 |a BGE Dolgozattár Repozitórium  |b hun 
041 |a hu 
100 1 |a Papp Adrienn 
245 1 0 |a Co-creation módszerek szerepe és jelentősége a projektek megvalósulási folyamatában  |c Papp Adrienn  |h [elektronikus dokumentum] 
516 |a Project_work 
695 |a Group Expo 
695 |a OPERA 
695 |a Open Space 
700 1 |a Kása Dr. Richárd  |e ths 
856 4 0 |u http://dolgozattar.uni-bge.hu/6257/1/Szakdolgozat.pdf  |z Dokumentum-elérés